LEADER 01219nam a2200217 i 4500 001 000000212665 003 CaOOAMICUS 005 20241018144925.0 008 120423s1807 it u000 u ita u 026 $ae,). i-no n-,e ALBi (3) 1807 (A) 040 $aSeMil$bita 245 10$aSupplimento al dizionario delle favole di L.M. Millin il quale oltre gli articoli mitologici aggiunti contiene particolarmente l'iconologia a comodo de' poeti, pittori ec. 300 $a281 p. 500 $aSegn.: A-R? S? chi² 500 $aBianca la c. chi2 700 1 $aMillin, Aubin-Louis,$d<1759-1818>.$0(OLS)http://semarc/name/12000 773 0 $aChompré, Pierre <1698-1760>$tDizionario delle favole di A. L. Millin traduzione dal francese di Celestino Massucco ... Tomo 1. [-2.].$bTerza edizione con un nuovo supplemento.$dPiacenza : Tipografia del Majno, 1807.$w()26651 850 $aSeMil 852 $aSeMil$W1$xVenegono$y1$m1Y III 66 FA$j163099$B163099$CSeMilBibl$Z2$F174219 $8I 996 $6245$aSupplimento al dizionario delle favole di L.M. Millin il quale oltre gli articoli mitologici aggiunti contiene particolarmente l'iconologia a comodo de' poeti, pittori ec$9(OLS)http://semarc/title/306916 LEADER 00751nam a2200193 i 4500 001 000000208922 003 CaOOAMICUS 005 20111130000000.0 008 111130n it u000 u fre u 013 $a187710 026 $aupen cen. leea maec (3) 1798 (F) 040 $aSeMil$bita 245 10$aTome 3, Partie 1. 300 $a[4], 362, [2] p. 500 $aSegn. : pigreco2 A-Y8 Z6. 773 0 $tLycée, ou Cours de littérature ancienne et moderne; par J.F. Laharpe. Tome 1. [-16. 2. partie].$dA Paris : H. Agasse, An VII-XIII de la République [i.e. 1798-1805]$g3$w()25932 850 $aSeMil 852 $aSeMil$W1$xVenegono$y1$m1V V 78 FA$j159376$B159376$CSeMilBibl$Z2$F170462 $8I 996 $6245$aTome 3, Partie 1$9(OLS)http://semarc/title/302021